Haz clic en el mapa colombiano sin fronteras - ¡Muerte súbita! - Estadísticas

Estadísticas generales
  • Esta prueba ha sido intentada 1.472 veces
  • La puntuación promedio es 6 de 32
Respuestas en el mapa
Las respuestas están codificadas por una escala verde-roja en el mapa de la prueba según el % correcto abajo.
 
Estadísticas de respuestas
Respuesta % Correcto
Amazonas
38%
La Guajira
32%
Nariño
26%
Chocó
24%
Antioquia
21%
Arauca
21%
Putumayo
21%
Cesar
19%
Córdoba
19%
Magdalena
19%
Norte de Santander
19%
Vaupés
19%
Guainía
18%
Santander
18%
Cauca
17%
Meta
17%
Valle del Cauca
17%
Caquetá
16%
Vichada
16%
Cundinamarca
15%
Casanare
14%
Bolívar
13%
Boyacá
13%
Huila
13%
Tolima
13%
Atlántico
12%
Sucre
11%
Caldas
10%
Guaviare
10%
Risaralda
9%
Bogotá Distrito Capital
8%
Quindío
7%
No se encontraron pruebas coincidentes
Distribución de puntuación
Porcentaje de gente con cada puntuación
Porcentaje por número respondido
Historial de tus puntuaciones
No has intentado esta prueba.